[Event "Heusenstamm Sparkassen op-B 6th"]
[Site "Heusenstamm"]
[Date "2019.11.22"]
[Round "2"]
[White "Dehmel, Manfred"]
[Black "Haas, Vanessa"]
[Result "0-1"]
[WhiteElo "1545"]
[BlackElo "1706"]
[PlyCount "84"]
[EventDate "2019.11.21"]
[EventType "swiss"]
[EventRounds "7"]
[EventCountry "GER"]
[SourceTitle "CBM 194 Extra"]
[Source "ChessBase"]
[SourceDate "2020.03.31"]
[SourceVersion "1"]
[SourceVersionDate "2020.03.31"]
[SourceQuality "1"]

1. Nf3 Nf6 2. d4 d5 3. a3 e6 4. e3 Bd6 5. Nc3 c6 6. Bd3 Nbd7 7. 0-0 0-0 8. e4 dxe4 9. Nxe4 Nxe4 10. Bxe4 e5 11. d5 Nf6 12. Bg5 cxd5 13. Bxf6 Qxf6 14. Qxd5 Rb8 15. Qa5 a6 16. c4 Be6 17. Qc3 Bg4 18. Rfd1 Bc7 19. b4 Kh8 20. Ra2 Qe7 21. Re1 f5 22. Bd5 e4 23. Nd2 Qd6 24. g3 b5 25. f3 exf3 26. Nxf3 f4 27. Qe5 Qd8 28. Qe7 fxg3 29. Qxd8 Rbxd8 30. Kg2 bxc4 31. Bc6 Bxf3+ 32. Bxf3 gxh2 33. Rc2 Bb8 34. Rxc4 Rd3 35. Be4 Rxa3 36. Rcc1 Ra2+ 37. Kh1 Bd6 38. Rb1 Ra4 39. Bc6 Rxb4 40. Rxb4 Bxb4 41. Re8 Rxe8 42. Bxe8 Bd6 0-1

[Event "Heusenstamm Sparkassen op-B 6th"]
[Site "Heusenstamm"]
[Date "2019.11.22"]
[Round "3"]
[White "Krasowitzki, Jan"]
[Black "Dehmel, Manfred"]
[Result "1-0"]
[WhiteElo "1173"]
[BlackElo "1545"]
[PlyCount "65"]
[EventDate "2019.11.21"]
[EventType "swiss"]
[EventRounds "7"]
[EventCountry "GER"]
[SourceTitle "CBM 194 Extra"]
[Source "ChessBase"]
[SourceDate "2020.03.31"]
[SourceVersion "1"]
[SourceVersionDate "2020.03.31"]
[SourceQuality "1"]

1. d4 d5 2. c4 Nf6 3. Nc3 dxc4 4. e4 e5 5. d5 Bb4 6. Bd2 Nbd7 7. Bxc4 Nc5 8. Qe2 a6 9. a3 Bxc3 10. Bxc3 b5 11. Bd3 Nxd3+ 12. Qxd3 Qd6 13. Nf3 Ng4 14. h3 Qh6 15. Nxe5 Nxe5 16. Bxe5 0-0 17. Bxc7 Bb7 18. 0-0 Rac8 19. d6 Qe6 20. d7 Bxe4 21. Qd4 Qc6 22. dxc8Q Rxc8 23. Rac1 Qd5 24. Qxd5 Bxd5 25. Bd6 Rd8 26. Rfd1 Bb3 27. Rd3 Bc4 28. Rd4 Be6 29. Rcd1 g6 30. Be5 Rxd4 31. Rxd4 h5 32. Rd8+ Kh7 33. Rh8# 1-0